Online
Catalog
Normal view MARC view

Entry Nombre personal

Number of records used in: 1

001 - NÚMERO DE CONTROL

  • campo de control: 85036

003 - IDENTIFICADOR DEL NÚMERO DE CONTROL

  • campo de control: DO-SdBNP

005 - FECHA Y HORA DE LA ÚLTIMA TRANSACCIÓN

  • campo de control: 20240314112251.0

008 - DATOS DE LONGITUD FIJA

  • campo de control de longitud fija: 240314|| aca||aabn | a|a d

040 ## - FUENTE DE LA CATALOGACIÓN

  • Centro catalogador/agencia de origen: DO-SdBNP
  • Centro/agencia transcriptor: DO-SdBNP

100 ## - ENCABEZAMIENTO-NOMBRE DE PERSONA

  • Nombre de persona: Dávila, Gonzalo

670 ## - FUENTE DE DATOS ENCONTRADOS

  • Cita de la fuente: Work cat.: (DO-SdBNP)56105: Cazorla, Adolfo 11765, El papel de los profesores en las universidades de investigación :

Powered by Koha